| 000 | 00551nam a2200181Ia 4500 | ||
|---|---|---|---|
| 003 | GCL | ||
| 008 | 140319s9999 xx 000 0 ara d | ||
| 040 |
_aGCL / _cGCL |
||
| 082 | 0 | 4 |
_a811.009 _bا ح |
| 100 | 1 | _aاحمد يوسف على | |
| 245 | 1 | 0 |
_aالحوار النقدى حول الشاعر / _cاحمد يوسف على |
| 260 |
_a[S.N] : _bالشركة العربية للنشر والتوزيع |
||
| 300 | _a220 ص | ||
| 490 | _a | ||
| 650 | 0 | 4 | _aالتراجم الادبية |
| 650 | 0 | 4 | _aالشعراء - تراجم |
| 942 |
_2ddc _cBK |
||
| 999 |
_c36614 _d36614 |
||